Information and documentation resource centres for tourism : guidelines for establishment and maintenance
Αποθηκεύτηκε σε:
| Συγγραφή απο Οργανισμό/Αρχή: | |
|---|---|
| Μορφή: | Βιβλίο |
| Γλώσσα: | English |
| Δημοσίευση: |
Madrid, Spain :
World Tourism Organization,
c2004
|
| Θέματα: | |
| Ετικέτες: |
Προσθήκη ετικέτας
Δεν υπάρχουν, Καταχωρήστε ετικέτα πρώτοι!
|
MARC
| LEADER | 00000cam a2200000 i 4500 | ||
|---|---|---|---|
| 001 | 1/84167 | ||
| 008 | 050826s2004 eng d | ||
| 020 | |a 92-844-0717-6 | ||
| 035 | |l 10079956 | ||
| 040 | |a GR-MY-UA |b gre |e aacr | ||
| 041 | 0 | |a eng | |
| 082 | 0 | |a 026.68 |2 (22) | |
| 110 | 2 | |a World Tourism Organization. | |
| 245 | 1 | 0 | |a Information and documentation resource centres for tourism : |b guidelines for establishment and maintenance / |c World Tourism Organization |
| 260 | |a Madrid, Spain : |b World Tourism Organization, |c c2004 | ||
| 300 | |a 132 σ.; |c 29 εκ. | ||
| 500 | |a Prepared under the responsibility of Patrice Tedjini ; conceived and written by Mehrchid Minebachian-Berger ; contribution to the preparation and publication by Adrienne Boncy | ||
| 504 | |a Περιλαμβάνει βιβλιογραφικές αναφορές | ||
| 650 | 0 | 0 | |a Information services |x Management. |
| 650 | 0 | 0 | |a Tourism |x Information resources management. |
| 650 | 0 | 0 | |a Tourism |x Information services. |
| 650 | 0 | 0 | |a Tourism |x Documentation. |
| 852 | |a INST |b CHIOS |e 20050826 |h 026.68 WOR |p 005200024717 |q 005200024717 |t BK |y 0 | ||
| 901 | |a BIBL2-2005-2 | ||
| 909 | |a Χ |b 112249 | ||
| 970 | |a ΧΑΖΙΡΗ |b ΑΝΝΑ |z 2005/08/26 | ||